Fiatalok aktív részvételre való ösztönzése a cserkészmozgalomban
| Main Author: | |
|---|---|
| Other Authors: | |
| Format: | Thesis |
| Kulcsszavak: | aktivitás cserkészet cserkészmozgalom motiváció szerepvállalás |
| Online Access: | http://dolgozattar.uni-bge.hu/59565 |
MARC
| LEADER | 00000nta a2200000 i 4500 | ||
|---|---|---|---|
| 001 | dolg59565 | ||
| 005 | 20260409145234.0 | ||
| 008 | 260409suuuu hu om 000 hun d | ||
| 040 | |a BGE Dolgozattár Repozitórium |b hun | ||
| 041 | |a hu | ||
| 100 | 1 | |a Bodnár Bíbor Kinga | |
| 245 | 1 | 0 | |a Fiatalok aktív részvételre való ösztönzése a cserkészmozgalomban |c Bodnár Bíbor Kinga |h [elektronikus dokumentum] |
| 520 | 3 | |a Szakdolgozatomban arra a kérdésre kerestem választ, hogy hogyan lehetne a 15–25 év közötti fiatalokat hatékonyan motiválni aktív közösségi részvételre és szerepvállalásra a cserkészmozgalomban.Szakdolgozatom feltárja azokat az eszközöket és módszereket, amelyek vonzóvá teszik a fiatalok számára a közösségi tevékenységeket. Azt gondolom, hogy ha sikerül megérteni a háttérbeli tényezőket, mint például a motiváció, akkor lehetővé válhat a fiatalok aktív részvételre és feladatvállalásra való hatékony ösztönzése, ami a cserkész közösségek működésének egyik alappillére. | |
| 695 | |a aktivitás | ||
| 695 | |a cserkészet | ||
| 695 | |a cserkészmozgalom | ||
| 695 | |a motiváció | ||
| 695 | |a szerepvállalás | ||
| 700 | 1 | |a Takács Dr. Edit |e ths | |
| 856 | 4 | 0 | |u http://dolgozattar.uni-bge.hu/59565/1/Bodn%C3%A1r_B%C3%ADbor_Szakdolgozat.pdf |z Dokumentum-elérés |
| 856 | 4 | 0 | |u http://dolgozattar.uni-bge.hu/59565/2/Bodn%C3%A1r%20B%C3%ADbor%20KSZ%20Farkas.pdf |z Dokumentum-elérés |
| 856 | 4 | 0 | |u http://dolgozattar.uni-bge.hu/59565/3/Bodn%C3%A1r%20B%C3%ADbor%20Kinga%20konzulens_b%C3%ADr%C3%A1lat_Tak%C3%A1csEdit.pdf |z Dokumentum-elérés |